Ο κύριος του Τζακ ; Πατς κι απαγάι
Αποθηκεύτηκε σε:
| Κύριος συγγραφέας: | |
|---|---|
| Άλλοι συγγραφείς: | |
| Μορφή: | Βιβλίο |
| Γλώσσα: | Greek |
| Δημοσίευση: |
Αθήνα :
Νεφέλη,
1996.
|
| Σειρά: | Άπαντα Γιάννη Σκαρίμπα ;
7 |
| Θέματα: | |
| Ετικέτες: |
Προσθήκη ετικέτας
Δεν υπάρχουν, Καταχωρήστε ετικέτα πρώτοι!
|
MARC
| LEADER | 00000cam a2200000 a 4500 | ||
|---|---|---|---|
| 001 | 1/124869 | ||
| 008 | 220517s1996####gr | ||| |||| ||gre|| | ||
| 020 | |a 9602112557 | ||
| 040 | |a GR-MyUa |b gre |c GR-MyUa |e AACR2 | ||
| 041 | 0 | |a gre | |
| 082 | 7 | |a 889.3 |2 (23) | |
| 100 | 1 | |a Σκαρίμπας, Γιάννης, |d 1893-1984. | |
| 245 | 1 | 2 | |a Ο κύριος του Τζακ ; |b Πατς κι απαγάι / |c Γιάννης Σκαρίμπας ; επιμέλεια: Κατερίνα Κωστίου. |
| 260 | |a Αθήνα : |b Νεφέλη, |c 1996. | ||
| 300 | |a 93 σ. ; |c 20 εκ. | ||
| 490 | 1 | |a (Άπαντα Γιάννη Σκαρίμπα ; |v 7) | |
| 650 | 0 | |a Greek fiction. | |
| 700 | 1 | |a Κωστίου, Κατερίνα, |d 1960- |e edtf | |
| 740 | 0 | |a Πατς κι απαγάι. | |
| 830 | 0 | |a Άπαντα Γιάννη Σκαρίμπα ; |v 7 | |
| 970 | |a Κοντού |b Παρασκευή |z 17/05/2022 | ||